Administrative strategy and decision making (Record no. 367403)

000 -LEADER
fixed length control field 00386cam a22001337a 4500
008 - FIXED-LENGTH DATA ELEMENTS--GENERAL INFORMATION
fixed length control field 180718b1966 xxu||||| |||| 00| 0 eng d
082 ## - DEWEY DECIMAL CLASSIFICATION NUMBER
Classification number I5 H222
100 ## - MAIN ENTRY--PERSONAL NAME
Personal name Hardwick, C.T.
245 ## - TITLE STATEMENT
Title Administrative strategy and decision making
Statement of responsibility, etc. by C.T. Hardwick and B.F. Landuty
260 ## - PUBLICATION, DISTRIBUTION, ETC.
Place of publication, distribution, etc. Cincinnati
Name of publisher, distributor, etc. South-Eastern
Date of publication, distribution, etc. 1966
300 ## - PHYSICAL DESCRIPTION
Extent 642p.
650 ## - SUBJECT ADDED ENTRY--TOPICAL TERM
Topical term or geographic name entry element Management
700 ## - ADDED ENTRY--PERSONAL NAME
Personal name Landuyt, B.F.
Holdings
Withdrawn status Lost status Damaged status Not for loan Permanent Location Current Location Date acquired Full call number Barcode Date last seen Price effective from Koha item type
        Indian Institute of Public Administration Indian Institute of Public Administration 1994-05-12 I5 H222 44613 2018-07-21 2018-07-21 Book

Powered by Koha